[Event "MK Cafe Cup-A"]
[Site "Koszalin"]
[Date "1999.08.07"]
[Round "5"]
[White "Pinski, Jan"]
[Black "Rajlich, Iweta"]
[Result "1/2-1/2"]
[WhiteElo "2444"]
[BlackElo "2395"]
[Annotator "Finkel,A"]
[PlyCount "60"]
[EventDate "1999.08.03"]
[EventType "swiss"]
[EventRounds "9"]
[EventCountry "POL"]
[SourceTitle "CBM 073"]
[Source "ChessBase"]
[SourceDate "1999.12.01"]
[SourceVersion "1"]
[SourceVersionDate "1999.12.01"]
[SourceQuality "1"]

1. e4 e6 2. d4 d5 3. Nc3 Bb4 4. Nge2 Nc6 5. a3 Ba5 6. Be3 Nf6 7. e5 Ng4 8. Nf4
(8. Bf4 f6 9. Ng3 (9. h3 fxe5) 9... Nxf2 10. Kxf2 Bb6 11. Ke1 Bxd4 12. Bb5 O-O
13. exf6 Qxf6 $44 {Polgar,J-De la Villa Garcia,J/New York op 1989}) (8. b4 Bb6
9. Na4 (9. Nf4 Nh6 10. g4 Nxe5 11. dxe5 d4 12. Bc1 dxc3 13. Qxd8+ Kxd8 14. Nh5
Bd7 15. Be2 Rg8 16. Bxh6 gxh6 17. Nf6 $13 {Berg,E-Akesson,J/SWE-ch 1998}) 9...
Qh4 (9... Nxe3 10. fxe3 f6 11. Nf4 O-O 12. Nxb6 axb6 13. exf6 Qxf6 $132 {
McDonald,N-Martin,B/London3 1994}) 10. Ng3 (10. g3 Nxe3 11. fxe3 Qe4 $17) 10...
O-O 11. Be2 Nxe3 12. fxe3 f6 13. Nxb6 axb6 14. O-O Qg5 15. exf6 (15. Qd3 fxe5
16. Rxf8+ Kxf8 $17) 15... Qxe3+ 16. Kh1 g6 $17 {Brestian,E-Chernin,A/
AUT-chT9697}) (8. Bc1 $5) (8. Bd2 O-O 9. f3 Nh6 10. Bxh6 Qh4+ 11. g3 Qxh6 12.
f4 g5 13. Qd2 gxf4 14. O-O-O f6 15. gxf4 $14 {Van Mil,J-Martin,B/Oakham 1994})
8... Nxe3 (8... Ngxe5 $5 9. Nh5 Rg8 10. dxe5 d4 11. b4 Bb6 12. Bf4 dxc3 13. Bd3
f5 14. exf6 gxf6 15. O-O $44 {Greenfeld,A-Skaperdas,K/Korinthos op 1998}) 9.
fxe3 Qh4+ (9... O-O 10. g3 f6 11. exf6 Qxf6 12. Bg2 Bxc3+ (12... e5 13. dxe5
Bxc3+ 14. bxc3 Nxe5 15. Qxd5+ $14) 13. bxc3 Bd7 14. O-O Qg5 15. Qd3 $14) 10. g3
Qh6 11. b4 Bb6 12. Be2 (12. Bg2 a5 13. b5 Ne7 14. e4 dxe4 15. Nxe4 Nd5 $132) (
12. Na4 $5) 12... O-O 13. O-O (13. Na4 $5) 13... Bd7 14. Bg4 {[%csl Rd7][%cal
Gc3d5]} Ne7 15. Qd3 (15. Ncxd5 $2 Nxd5 16. Nxd5 exd5 17. Bxd7 Qxe3+ 18. Kg2
Bxd4 $17) 15... Rad8 16. Rab1 a6 17. a4 Ba7 18. a5 $5 {[%cal Gb4b5]} (18. b5 a5
19. Nce2 f5 20. exf6 Rxf6 21. c4 Qg5 22. Bh3 e5 23. Bxd7 Rxd7 $13) 18... Nc6
19. Nce2 (19. Na4 $2 Nxe5 {[%csl Ra4]}) 19... f5 20. exf6 Rxf6 21. c4 dxc4 22.
Qxc4 Kh8 23. Qc3 Qg5 (23... e5 $6 24. dxe5 Rxf4 25. Rxf4 Bxg4 26. Rxg4 Bxe3+
27. Kg2 Qh5 28. h3 Bd2 29. Qc2 Qxe5 30. Qe4 $14) 24. Bh3 e5 $1 $15 25. Bxd7
Rxd7 26. Ne6 $1 {[%csl Rh8]} Qg4 27. dxe5 Qe4 $6 (27... Bxe3+ $1 28. Qxe3 Qxe6
29. b5 (29. Rxf6 gxf6 30. Qh6 Rf7 31. Nf4 Qf5 $1 $17) 29... axb5 30. Rxb5 (30.
Rxf6 gxf6 31. Qh6 Rf7 32. Rxb5 Qc4 $1 $15) 30... Rxf1+ 31. Kxf1 Qh3+ 32. Ke1
Qxh2 33. e6 Qh1+ 34. Ng1 Re7 $36) 28. Nc5 Bxc5 29. Qxc5 Rxf1+ 30. Rxf1 h6 $13
1/2-1/2

[Event "Moscow Aeroflot op-A"]
[Site "Moscow"]
[Date "2005.02.22"]
[Round "8"]
[White "Nisipeanu, Liviu Dieter"]
[Black "Asrian, Karen"]
[Result "1/2-1/2"]
[WhiteElo "2673"]
[BlackElo "2602"]
[Annotator "Finkel,A"]
[PlyCount "80"]
[EventDate "2005.02.15"]
[EventType "swiss"]
[EventRounds "9"]
[EventCountry "RUS"]
[SourceTitle "CBM 106"]
[Source "ChessBase"]
[SourceDate "2005.06.06"]
[SourceVersion "1"]
[SourceVersionDate "2005.06.06"]
[SourceQuality "1"]

1. e4 e6 2. d4 d5 3. Nc3 Bb4 4. Nge2 dxe4 5. a3 Be7 6. Nxe4 Nf6 7. N2g3 Nxe4 8.
Nxe4 Nc6 9. Be3 O-O $6 {This move proves to be inaccuracy after which black
has to play very precisely to keep the balance. There was no reason to wait
with e5 break:} (9... e5 $5 10. dxe5 (10. d5 Nd4) 10... Nxe5 11. Qxd8+ Bxd8 12.
Bd4 f6 13. O-O-O Be7 14. Bb5+ c6 15. Bxe5 fxe5 16. Bc4 Rf8 $11 {Van Herck,
M-Reefschlaeger,H/Teesside 1978}) 10. f4 $1 {[%csl Ge5] Deprving black a
chance to push e5 for good!} (10. Qd2 e5 (10... f5 11. Nc3 e5 12. dxe5 Nxe5 13.
O-O-O Qxd2+ 14. Rxd2 f4 15. Bd4 Nc6 16. Bc4+ Kh8 17. Re1 $14 {Collins,D-Clarke,
T/Dublin 1998}) 11. d5 Nd4 12. Bc4 Nf5 $13 {Izquierdo,D-Bauza,A/Uruguay 1985})
10... b6 {A move in the game is good enough, but black had another interesting
attempt to reate counterplay:} (10... Qd5 $5 11. Qd3 Rd8 12. O-O-O (12. c3 e5 (
12... b6 $5) 13. fxe5 Nxe5 14. dxe5 Qxd3 15. Bxd3 Rxd3 16. Bd4 $1 {[%csl Rd3]}
c5 17. Ke2 $14) 12... Qa2 13. Qc3 e5 $1 $132 14. Bc4 $140 Qa1+ 15. Kd2 exd4 $15
) 11. c3 Bb7 12. Bd3 Bh4+ 13. g3 f5 14. Nf2 $1 {It's important to protect the
rook on h1 since black lightsquared bishop is quite menacing over the diagonal
a8-h1.} (14. Nd2 $6 Nxd4 15. O-O (15. Bxd4 Bxh1 16. gxh4 c5 $17) 15... Nc6 16.
Bc4 Bf6 17. Bxe6+ Kh8 18. Bxf5 Bxc3 $15) 14... Bf6 15. Qe2 (15. Qb3 $6 Ne7 16.
Rg1 (16. Qxe6+ $2 Kh8 17. O-O Bd5 $19) 16... Qd6) 15... Kh8 $6 {A waste of
time.} (15... Na5 $5 16. Rg1 Nb3 17. Rd1 a5 18. g4 Bh4 $132) 16. Rg1 Ne7 17.
O-O-O Qd6 18. Bc2 $1 $14 {[%cal Gf2d3] White is the first one to start an
active play against an opponent's king.} (18. Bb1 $5) 18... a5 19. g4 Nd5 20.
Nd3 Ba6 21. g5 Be7 22. Qf2 ({Deserved attention also} 22. Qf3 $5 b5 23. Ne5 b4
24. axb4 axb4 25. c4 Nxe3 (25... b3 $2 26. Bxb3 Qb4 27. Bd2 $18 {[%csl Gb3]})
26. Qxe3 Bb7 27. g6 $36) 22... b5 23. Ne5 b4 24. axb4 axb4 25. c4 b3 26. Bxb3 (
26. c5 $6 bxc2 27. cxd6 cxd1=Q+ 28. Kxd1 cxd6 29. Nc6 Bd3 $44) 26... Qb4 27.
Rd3 {[%cal Ge3d2,Gd3h3]} Qb7 (27... Nxe3 $5 28. Rxe3 Bb7 29. Kc2 Rfb8) 28. Bd2
(28. Qh4 Rfb8 29. Bf2) 28... Nb4 29. Bxb4 $5 (29. Rh3 $5) 29... Qxb4 30. Rh3
Bb7 31. d5 (31. Ng6+ Kg8 32. Nxe7+ Qxe7 33. Kd2 Rfd8 $132) 31... Kg8 32. Kc2 $6
{[%cal Gf2h4]} ({Missing a beutiful win with} 32. Qh4 $1 h6 33. gxh6 $3 {
[%csl Rg8]} (33. Kb1) 33... Ra1+ (33... Bxh4 $4 34. Rxg7+ Kh8 35. Ng6#) 34. Kc2
Rxg1 35. Qg5 $3 {[%cal Gh6h7,Ge5g6]} Rxg5 36. h7+ Kh8 37. fxg5 {[%cal Ge5g6]}
g6 (37... Qd2+ 38. Kxd2 Bxg5+ 39. Kc2 Rf6 40. dxe6 $18) 38. Nxg6+ Kg7 39. Nxf8
$18) 32... g6 33. Qh4 (33. Nd3 Qa5 34. Qe1 $18) 33... h5 34. Nxg6 Bxd5 $5 35.
cxd5 $2 {After this careless move black escapes with perpetual. White's
position was esily winning after correct} (35. Re1 $1 $18 {[%csl Ge4] taking
under control a crucial e4 square.}) 35... Qe4+ 36. Rd3 (36. Kd2 Bb4+ 37. Rc3
Qd4+ 38. Ke2 Qxg1 $13) 36... Qe2+ 37. Rd2 (37. Kc3 Bb4+ 38. Kxb4 Qxd3 $19 {
[%csl Rb4]}) 37... Qe4+ 38. Rd3 Qe2+ 39. Rd2 Qe4+ 40. Rd3 Qe2+ 1/2-1/2

[Event "Dos Hermanas-A"]
[Site "Dos Hermanas"]
[Date "2003.04.03"]
[Round "7"]
[White "Campora, Daniel Hugo"]
[Black "Rustemov, Alexander"]
[Result "0-1"]
[WhiteElo "2505"]
[BlackElo "2604"]
[Annotator "Finkel,A"]
[PlyCount "82"]
[EventDate "2003.03.28"]
[EventType "tourn"]
[EventRounds "9"]
[EventCountry "ESP"]
[EventCategory "16"]
[SourceTitle "CBM 095"]
[Source "ChessBase"]
[SourceDate "2003.07.25"]
[SourceVersion "1"]
[SourceVersionDate "2003.07.25"]
[SourceQuality "1"]

1. e4 {Atlas,V} e6 2. d4 d5 3. Nc3 Bb4 4. Qg4 $6 {Dubious variation permitting
black to equalize without any problems.} Nf6 5. Qxg7 Rg8 6. Qh6 c5 7. e5 cxd4
8. a3 Bf8 (8... dxc3 9. axb4 cxb2 10. Bxb2 Qb6 11. O-O-O Rg6 12. Qf4 Ne4 (12...
Rg4 $2 13. Qxf6 Rxb4 14. Ba3 Rb1+ 15. Kd2 Qa5+ 16. Ke2 {1-0 Markmann,W-Zerbe,K/
DDR corr 1972}) 13. Nh3 Nc6 14. c3 Bd7 15. Bd3 Rxg2 16. Bxe4 dxe4 17. Rxd7 Kxd7
18. Qxf7+ $36 {Ninov,N-Dragiev,V/Bulgaria 1995}) 9. Qxf6 Qxf6 10. exf6 dxc3 11.
Ne2 {It's obvious that white is the one who has to be carefull to keep the
balance since black pawns in the center may become a powerfull force in the
upcoming endgame.} (11. bxc3 Nd7 12. Bb2 Nxf6 13. c4 Bg7 14. Rb1 dxc4 15. Bxc4
b6 16. Nf3 Nd7 $15 {Penas Hernandez,Y-Bjerke,S/Oropesa del Mar 1999}) 11... Nd7
(11... cxb2 $5 12. Bxb2 b6 13. g3 Ba6 14. Nd4 Bxf1 15. Kxf1 Nd7 16. Re1 Rc8 17.
Re2 Rc4 18. Nf5 Kd8 $17 {Birk,K-Ludwig,R/GER-chT 2BK Gr09 Br3 1995}) 12. Nxc3
a6 (12... Bd6 13. g3 Nxf6 14. Bg2 (14. Be3 Bd7 15. O-O-O a6 16. Bg2 Bc6 17. Bd4
Nd7 18. Ne2 O-O-O 19. f4 Kb8 $13 {Zanolin,H-Negri,J/ICCF Email 2001}) 14... Bd7
15. O-O O-O-O 16. Be3 Kb8 17. h3 Bc6 $11 {Antoniewski,R-Shaked,T/Zagan 1997})
13. Be3 (13. Bf4 Nxf6 14. g3 b5 15. Bg2 Bb7 16. O-O Bc5 $13) 13... Nxf6 14. Na4
Nd7 15. O-O-O (15. Nb6 Nxb6 16. Bxb6 Bd7 17. g3 Bg7 18. c3 Bc6 19. Bg2 $11)
15... b5 16. Nb6 Rb8 $5 {Inviting white to trade his knight for the bishop.}
17. Nxc8 {This move is not bad at all, but in my opinion safer was to turn
down black's offer and to trade the knight.} (17. Nxd7 Bxd7 18. g3 Bc6 19. Bd4
Bg7 20. Bg2 $11) 17... Rxc8 18. f4 $6 {Bishop are strong in open positions,
that's why white should've played 18.a4 getting some room for the lightsquared
bishop.} (18. a4 bxa4 19. Bxa6 Rb8 20. g3 Bc5 21. Rhe1 Bxe3+ 22. Rxe3 Nc5 23.
Be2 Kd7 $13) 18... Bc5 19. Bxc5 Nxc5 20. g3 Ke7 $15 {White has a weakness on
g3, so his defensive task is no so simple.} 21. Be2 f5 22. Rhg1 Ne4 23. Rg2 (
23. Bf3 Kf6) 23... Kd6 24. Rdg1 Rg6 {Black's plan is to push h5-h4 at some
stage, so he is preparing to double the rooks over the g-file.} 25. Bh5 (25. g4
{(Atlas,V) deserved attention here.}) 25... Rg7 26. Bf3 a5 27. g4 $2 {[%csl
Rf4] In some positions the best way to defend is just to do nothing- since
active play may give an oppotent targets to play against. This position is
very typical one in that sense. After a move in the game white faces serious
probles due to a weakness on f4.} Rgc7 28. gxf5 exf5 29. Kb1 b4 $17 30. a4 (30.
axb4 axb4 31. Rd1 Ra7 32. Bxe4 fxe4 33. Rg5 Rc5 34. Re5 Rca5 $17) 30... Rc4 {
[%csl Rf4] Atlas,V: 'Black has a large advantage in the ending.'} 31. Bd1 Rd4
32. Rg7 Nf2 33. Bh5 Rxf4 34. Rxh7 Ne4 35. Be2 (35. Rg6+ Ke5 36. Re7+ Kd4 $19)
35... Rf2 36. Bd3 Nc5 37. Bb5 Ne4 38. Bd3 Ke5 39. h4 $6 (39. Re7+ Kd4 40. Rd1
Ke3 41. h4 $17) 39... b3 $1 {Atlas,V: 'This efficient pawn advancement weakens
the position of White's king and adds needed momentum to Black's attack.'} 40.
c3 (40. cxb3 {Atlas,V: 'is strongly met by'} Rd2 (40... Kd4 {Atlas,V}) 41. Bxe4
dxe4 42. Re7+ Kd6 (42... Kf6 43. Rgg7 Rf8 (43... Rcc2 $2 44. Rgf7+ Kg6 45. Rg7+
Kh5 46. Rg5+ Kxh4 47. Rg8 $11) 44. Rh7 Rd4 $17) 43. Rf7 e3 $19) 40... Rd2 (
40... Rxc3 $1 {Atlas,V} 41. Bxe4 Rg3 $1 {was another appelaing option.}) 41.
Ba6 Rg8 {Atlas,V: ', and White resigned, as he has no defense against Black's
manifold threats:'} 0-1

[Event "SWE-ch"]
[Site "Linkoping"]
[Date "2001.07.04"]
[Round "5"]
[White "Hector, Jonny"]
[Black "Karlsson, Lars"]
[Result "1/2-1/2"]
[WhiteElo "2546"]
[BlackElo "2476"]
[Annotator "Finkel,A"]
[PlyCount "80"]
[EventDate "2001.06.30"]
[EventType "tourn"]
[EventRounds "13"]
[EventCountry "SWE"]
[EventCategory "8"]
[SourceTitle "CBM 085"]
[Source "ChessBase"]
[SourceDate "2001.11.13"]
[SourceVersion "1"]
[SourceVersionDate "2001.11.13"]
[SourceQuality "1"]

1. e4 e6 2. d4 d5 3. Nc3 Bb4 4. Nge2 dxe4 5. a3 Be7 6. g4 $5 {A move used by
Alekhine in his match against Eive!} (6. Nxe4 Nf6 (6... Nd7 7. Bf4 Ngf6 8. N2c3
O-O 9. Qd3 Nd5 10. Bd2 c5 11. dxc5 Nxc5 12. Qg3 Bh4 13. Qf3 Nxe4 14. Nxe4 Bd7
$132 {Schmidt,H-Machelett,H/OLO-B 1993}) (6... Nc6 7. Bf4 Nf6 8. Qd3 O-O 9.
O-O-O Nd5 10. Bd2 f5 11. N4c3 Bf6 $13 {Westerinen,H-Ostenstad,B/Gausdal Int
1991}) 7. N2g3 (7. N2c3 O-O 8. Bc4 Nc6 9. Be3 Nxe4 10. Nxe4 f5 $1 11. Nc5 f4
12. Nxe6 Bxe6 13. Bxe6+ Kh8 14. Bc1 Nxd4 15. Bc4 Bc5 $15 {Thorsteinsson,
E-Akhsharumova,A/Reykjavik op 1996}) 7... Nc6 (7... O-O 8. c3 Nbd7 9. Bd3 c5
10. Nxf6+ Nxf6 11. dxc5 Bxc5 12. Bg5 Be7 13. Qe2 $14 {Berg,E-Gonzalez Menendez,
I/ECh-u20 2000}) (7... b6 8. Bb5+ c6 9. Be2 Bb7 10. Bf3 Qc7 11. O-O Nbd7 12. c4
Rd8 13. Qe2 O-O 14. Nc3 Rfe8 15. Be3 c5 $11 {Tempone,M-Lida Garcia,F/Buenos
Aires op 1995}) 8. c3 e5 9. Nxf6+ Bxf6 10. d5 Ne7 11. Bc4 O-O 12. O-O Nf5 13.
Ne4 Be7 $11 {Seifried,W-Roemer,U/Oberschwaben ch 1993}) 6... h5 $5 {Leaving
white with no choise,but to take the pawn.} 7. gxh5 (7. g5 $6 Bxg5 8. Bxg5 Qxg5
9. Rg1 Qh6 10. Nxe4 Bd7 $17 {[%cal Gd7c6,Gb8d7]}) 7... Rxh5 (7... f5 $6 8. Nf4
Nf6 9. Rg1 Rh7 10. Bc4 $36) (7... Nf6 $5 8. Ng3 c5 $132) 8. Nxe4 Rh4 $5 {
[%csl Rd4] Putting some pressure on white pawn on d4.} 9. Qd3 (9. Bg2 Bd7 10.
Nc5 $6 Bc6 11. Nxb7 Qc8 12. Bxc6+ Nxc6 13. Nc5 Nxd4 14. Nxd4 Bxc5 $15) 9... Nf6
10. N4c3 Nd5 $6 {Passing the initiative into white's hands.} (10... Bd7 $5) 11.
Rg1 Nxc3 12. Nxc3 Kf8 (12... g6 13. Be3 Rxh2 14. O-O-O Nd7 15. d5 $44) 13. Qg3
g6 14. Bf4 Bd6 (14... Qxd4 15. Be5 Bd6 (15... Qb6 16. O-O-O Na6 17. Bxa6 Qxa6
18. Bxc7 $14 {[%csl Rc8]}) 16. Bxd6+ cxd6 17. Rd1 Qf4 18. Rxd6 Nc6 19. Bg2 $36)
15. Bxd6+ cxd6 16. Bd3 (16. O-O-O $14) 16... e5 $5 {[%cal Gh4g4]} 17. O-O-O
exd4 ({Very bad is} 17... Rg4 $2 18. Qe3 exd4 19. Qh6+ Kg8 20. Ne4 $16 {
[%csl Rg8][%cal Ge4g5] and white has extremly dangerous attack.}) 18. Nd5 Nc6
19. Kb1 (19. Bxg6 $2 Rg4 $8 20. Qf3 Qg5+ 21. Ne3 Ne5 $1 22. Rxg4 Bxg4 $19 {
[%csl Rd1,Rg6][%cal Gg5c1]}) 19... Ne5 $5 {[%csl Gg6]} 20. f4 Rh3 21. Qf2 Nxd3
22. cxd3 Be6 $15 23. Qxd4 Bxd5 $6 (23... Rc8 $15 {[%cal Gc8c5,Gh3h2]}) 24. Qxd5
Qf6 (24... Rxh2 25. Rh1 Rxh1 26. Rxh1 Qf6 27. Qxb7 $11) 25. f5 $5 Qxf5 26.
Qxd6+ Kg8 27. Ka1 $5 {The position is absolutely equal, but white keeps on to
play for a win.} (27. Rgf1 Rf3 28. Rxf3 Qxf3 29. Rc1 Re8 $11) 27... Rf3 28. h4
Rf2 {[%cal Gf5f6]} 29. h5 Qxh5 (29... Qf6 $2 30. Qb4 $40) 30. Rh1 Qf3 31. Rb1
Qf6 (31... Re8 $15) 32. Qd7 Rd8 33. Qh3 Rf3 (33... Rf5 34. Qh7+ Kf8 $15) 34.
Qh7+ Kf8 35. Rbe1 Rfxd3 (35... Rdxd3 $2 36. Qh6+ Qg7 37. Re8+ $18) 36. Rhf1 Qg7
37. Rxf7+ $1 $11 {Lucky escape!} Qxf7 38. Qh8+ Qg8 39. Qf6+ Qf7 40. Qh8+ Qg8
1/2-1/2

[Event "Santo Antonio 4th"]
[Site "Santo Antonio"]
[Date "2001.05.24"]
[Round "6"]
[White "Campora, Daniel Hugo"]
[Black "Dias, Paulo Jorge Guimara"]
[Result "1-0"]
[WhiteElo "2503"]
[BlackElo "2326"]
[Annotator "Finkel,A"]
[PlyCount "81"]
[EventDate "2001.05.19"]
[EventType "tourn"]
[EventRounds "9"]
[EventCountry "POR"]
[EventCategory "9"]
[SourceTitle "CBM 084"]
[Source "ChessBase"]
[SourceDate "2001.09.13"]
[SourceVersion "1"]
[SourceVersionDate "2001.09.13"]
[SourceQuality "1"]

1. e4 e6 2. d4 d5 3. Nc3 Bb4 4. Nge2 dxe4 5. a3 Bxc3+ 6. Nxc3 e5 7. dxe5 (7.
Be3 exd4 8. Qxd4 Nf6 9. Qxd8+ Kxd8 10. O-O-O+ Nbd7 11. Bc4 Ke7 12. Rhe1 c6 13.
Nxe4 Nxe4 14. Bg5+ $14 {Thomas,A-Hollis,A/Bristol 1968/EXT 99}) (7. d5 f5 8.
Bc4 Nf6 9. O-O O-O 10. f4 exf3 11. Qxf3 Qd6 12. Be3 a6 13. b4 b6 14. Rae1 f4
$13 {Bolbochan,J-Palau,L/ARG 1938/HCL}) (7. Nxe4 exd4 8. Bc4 Bf5 9. Qf3 Ne7 10.
Bg5 Nbc6 11. O-O-O O-O $13 {Horn,P-Von Allmen,A/SWZ 1995/CBM 49}) 7... Qxd1+ 8.
Nxd1 $5 {It's hard to believe that white may get an opening advantage with
this move, but as shows the following game it's definitly not without a poison!
} (8. Kxd1 Bf5 9. Nd5 Na6 (9... Kd7 10. Bf4 Nc6 11. Bb5 a6 12. Bxc6+ Kxc6 13.
Nc3 Ne7 14. Ke2 Ng6 15. Ke3 {1/2-1/2 Fegebank,F-Barkowski,M/Bargteheide 1989/
TD (15)}) 10. Bg5 Be6 11. Bb5+ c6 12. Bxa6 Bxd5 13. Bxb7 Rb8 14. Ba6 Rb6 15.
Be2 Rxb2 16. Kd2 $14 {Letzelter,J-Huss,A/Buenos Aires 1978/EXT 2000}) 8... Nc6
9. Bf4 Nge7 10. Nc3 Bf5 11. O-O-O Ng6 12. Bg3 Ngxe5 (12... Ncxe5 $5 13. Re1 (
13. h4 h5 14. Bb5+ c6 15. Ba4 Nd7 16. Rhe1 Nc5 $11) 13... O-O-O 14. Nxe4 Rhe8
15. Nc3 Nc6 16. Rxe8 Rxe8 17. Bb5 a6 18. Bxc6 bxc6 19. Rd1 $14) 13. Bb5 $1 O-O
(13... a6 14. Bxe5 axb5 15. Bxg7 Rg8 16. Bf6 Rxg2 17. Nxb5 Rc8 18. Rhg1 Rg6 $14
) 14. Rd5 $1 f6 15. Bxc6 bxc6 16. Rc5 Bg6 17. Re1 Rfe8 (17... Rae8 $5 18. Ra5
Rf7 19. Rxa7 f5 20. Bf4 Ng4 21. Re2 $16 {[%csl Rc7][%cal Ga3a6]}) 18. Bxe5 Rxe5
19. Rxe5 fxe5 20. Nxe4 Rd8 (20... Bxe4 21. Rxe4 {[%csl Ra7,Rc6,Rc7,Re5]} Re8
22. Kd2 Kf7 23. Ra4 Ra8 24. Ra6 $16) 21. f3 Kf7 22. Nf2 Re8 (22... Rd5 $6 23.
Ng4 Ke6 24. c4 Ra5 25. Kd2 Kf5 26. Kc3 $18 {[%csl Re5]}) 23. Ng4 $5 e4 24. f4
Ke6 25. Ne3 Rf8 (25... c5 26. Kd2 h5 27. Kc3 Bf5 28. g3 g6 29. Rd1 $16) 26. g3
Be8 27. Rd1 g5 $6 28. f5+ $5 (28. fxg5 $5 Rf3 29. Re1 $16) 28... Kf6 29. Rd8 $1
{[%cal Gd8f8]} h5 30. Kd2 h4 (30... Ke7 31. Rd4 $18) 31. Ra8 hxg3 32. hxg3 Rh8
33. Kc3 $18 Ke5 34. b4 a6 (34... c5 35. b5) 35. a4 Kd6 36. Kd4 Ke7 37. g4 Rh1
38. Rxa6 Rb1 39. c3 Rb3 40. Ra8 Ra3 41. Nc4 1-0

[Event "POL-ch 57th"]
[Site "Plock"]
[Date "2000.05.10"]
[Round "13"]
[White "Grabarczyk, Bogdan"]
[Black "Gdanski, Jacek"]
[Result "0-1"]
[WhiteElo "2394"]
[BlackElo "2535"]
[Annotator "Finkel,A"]
[PlyCount "106"]
[EventDate "2000.04.28"]
[EventType "tourn"]
[EventRounds "13"]
[EventCountry "POL"]
[EventCategory "10"]
[SourceTitle "CBM 078"]
[Source "ChessBase"]
[SourceDate "2000.10.18"]
[SourceVersion "1"]
[SourceVersionDate "2000.10.18"]
[SourceQuality "1"]

1. e4 e6 2. d4 d5 3. Nc3 Bb4 4. Bd2 $6 {This variation can hardly be
recommended for those who want to get some opening advantage with white,but
for those who prefer variations with lively struggle and very few theory this
line suits perfectly!} dxe4 5. Qg4 Qxd4 6. Nf3 h5 $5 {Not bad move,but what do
you think of following:} (6... Nh6 7. Qf4 (7. Qg3 $5) 7... e5 8. Qxh6 gxh6 9.
Nxd4 exd4 10. Nxe4 Bxd2+ 11. Kxd2 Be6 $15 {Thorhallsson,T-Seirawan,Y/Reykjavik
op 1990}) 7. Qf4 {Whte choses to keep on fighting.After} (7. Qxe6+ Bxe6 8. Nxd4
Bd7 9. Nxe4 Bxd2+ 10. Nxd2 Nc6 11. Nxc6 (11. N2f3 O-O-O 12. O-O-O Nh6 13. h3
Nf5 14. Nxf5 $11 {the draw is inevitable; Arnason,A-Levitt,J/Reykjavik op 1990}
) 11... Bxc6 {1/2-1/2 Sax,G-Farago,I/Vinkovci 1993}) 7... Qd6 (7... Qb6 8. Ne5
Nf6 9. O-O-O Nbd7 10. Nxe4 Be7 11. Bc3 Nxe5 12. Bxe5 Nxe4 13. Qxe4 f6 $13 {
Kristensen,K-Whiteley,A/Copenhagen3 1995}) 8. Qxe4 Nf6 9. Qh4 Nc6 (9... Qe7 10.
O-O-O Ng4 $5 11. Bg5 f6 12. Bd2 Nd7 13. h3 Nge5 14. Nxe5 Nxe5 15. f4 Nf7 $15 {
Ribshtein,N-Royz,M/Shavuot Masters 1997}) 10. O-O-O Qe7 11. Qg3 (11. Bb5 Bd7 (
11... Bd6 $5) 12. Bxc6 Bxc6 13. Ne5 Bd5 $1 14. Qg3 Rg8 $17) 11... Bd7 (11...
O-O $6 {[%csl Rh5]} 12. Bd3 Bd6 13. Qh4 $44) 12. Nb5 $5 {Simplifying the
position a bit.} (12. Qxc7 $6 Bxc3 13. Bxc3 Nd5 14. Rxd5 (14. Qxb7 $6 Rb8 15.
Qa6 Nxc3 16. bxc3 Qc5 $15) 14... exd5 15. Bxg7 Rg8 16. Bc3 Bg4 $15) (12. Qxg7
Rg8 13. Qh6 O-O-O 14. h3 $13) 12... Bxd2+ 13. Nxd2 (13. Rxd2 $2 Ne4 14. Qf4
Nxd2 15. Nxc7+ Kf8 16. Nxa8 Nxf3 17. gxf3 e5 $17 {[%csl Ra8]}) 13... O-O 14.
Qxc7 (14. Nxc7 $2 Rac8 15. Nb5 Nb4 16. c3 (16. Nc3 Nfd5 17. Nde4 f5 18. Nxd5
Rxc2+ 19. Kb1 exd5 20. Nc3 f4 $19) 16... Qc5 $1 $17) 14... Rfc8 15. Qd6 $8 (15.
Qg3 Nb4) 15... a6 16. Qxe7 Nxe7 17. Nd6 Rc7 $11 18. N2c4 $6 {The position is
equal and remains equal for quiet long time,but white starts to lose a thread
of the game.} (18. Nf3) 18... Nc8 19. c3 $6 (19. Ne5 Nxd6 20. Rxd6 Be8 21. Bd3
Kf8 22. Re1 Ke7 23. Rb6 Nd5 $11) 19... Nxd6 20. Nxd6 Kf8 $15 {Black's
advantage is symbolical,but it's clear who is defensive side.} 21. Bd3 Bc6 22.
f3 Bd5 $1 {[%csl Rd6]} 23. Bb1 (23. a3 $5 Ke7 24. Ne4 Nxe4 25. Bxe4 Bxe4 26.
fxe4 Kf6 27. Rhf1+ Ke5 28. Rd4 $11) 23... Ke7 24. Ne4 Nxe4 25. fxe4 Bc6 26.
Rhe1 h4 27. Rd3 (27. Bd3 $5 {[%cal Gd3f1]}) 27... Rh8 28. Rh3 $6 Rcc8 29. Bd3
Rh6 30. Bf1 Rch8 31. Kd2 Rg6 32. g3 $2 {Opening the h-file for the black rooks
and putting himself in danger of losing.} Rgh6 $1 $17 33. Bg2 {There is no way
back:} (33. e5 hxg3 34. Rxh6 Rxh6 35. hxg3 Rh2+ 36. Re2 Rh1 37. Bg2 (37. Ke1
Bb5 38. Rf2 Rg1 $17) 37... Rg1 38. Bxc6 bxc6 $17 {[%csl Rg3]}) 33... hxg3 34.
Rxh6 Rxh6 35. hxg3 Rh2 36. Re2 Bb5 37. Rf2 Bf1 $1 $19 {Winning a pawn and
getting easily winning rooks ending.} 38. Rxf1 Rxg2+ 39. Kd3 Rxg3+ $1 (39...
Rxb2 40. a4 Rg2 $6 (40... f6 $17) 41. Rb1 Rxg3+ 42. Kd4 Kd6 43. Rxb7 e5+ 44.
Kc4 Re3 45. Rb6+ Ke7 46. Rxa6 Rxe4+ 47. Kd5 Re1 48. a5 $13) 40. Kd4 f6 41. a4
Kd6 42. e5+ fxe5+ 43. Ke4 Rg4+ 44. Kd3 Ke7 $1 45. b4 g5 46. c4 (46. a5 Rf4 47.
Rh1 g4 48. Rh7+ Rf7 $19) 46... Rd4+ 47. Kc3 Rf4 48. Rh1 Rf3+ 49. Kd2 g4 50. c5
g3 51. Ke2 Rf4 52. Rh7+ Kf6 53. Rh3 g2 0-1